Jugadores Osasuna Primera desde 2000/01 - Estadísticas

Estadísticas generales
  • Esta prueba ha sido intentada 181 veces
  • La puntuación promedio es 112 de 221
Estadísticas de respuestas
Hint Respuesta % Correcto
España David García
94%
España Raúl García
94%
España Sergio Herrera
93%
España Aitor Fernández
92%
Croacia Budimir
91%
Argentina Chimy Ávila
91%
España Unai García
91%
España Kike García
90%
España Ruben García
89%
Uruguay Pablo García
87%
España Gorka García
86%
España Javi García
86%
Marruecos Abde
85%
España Aimar Oroz
84%
España Areso
83%
España Lucas Torró
83%
España Pablo Ibáñez
83%
España Andrés Fernández
82%
España Puñal
82%
España Kike Barja
80%
Colombia Mojica
79%
España Roberto Torres
79%
España Javi Martínez
78%
España Juan Pérez
78%
España Iker Muñoz
77%
España Ibán Pérez
76%
España Jorge Herrando
76%
España Moi Gómez
76%
España Moncayola
76%
España Rubén Martínez
76%
España Sergio Fernández
76%
España Álex Fernández
75%
España Álvaro Fernández
75%
España Catena
75%
España Íñigo Pérez
75%
España Juan Cruz
75%
España Rubén
75%
España Cruchaga
74%
España Miguel Flaño
74%
España Javier Flaño
73%
España Rober Ibáñez
72%
España Rubén Peña
72%
España Ricardo
71%
España Roberto
71%
Ecuador Estupiñán
70%
Irán Masoud
69%
España Azpilicueta
67%
España Arnaiz
66%
España Muñoz
66%
España Nino
66%
Uruguay Pandiani
66%
España Aridane
65%
México Carlos Vela
65%
Chile Gato Silva
64%
España Josetxo
64%
España Kike Sola
64%
España Sanzol
64%
Australia Aloisi
63%
España Nacho Monreal
63%
Francia Delporte
62%
España Izquierdo
62%
Uruguay Morales
62%
España Nacho Vidal
62%
Irán Nekouman
62%
España Berenguer
61%
España Iván Rosado
61%
Marruecos Moha
61%
España Oier Sanjurjo
61%
Rep.Checa Plasil
61%
Italia Sirigu
61%
Camerún Webo
61%
Serbia Brasanac
60%
España David López
60%
Finlandia Raitala
60%
España Riesgo
60%
Cabo Verde Valdo
60%
España Adrián López
58%
España Enric Gallego
58%
Bosnia Kenan Kodro
58%
Serbia Milosevic
58%
Camerún Raoul Loe
58%
España Antonio López
57%
México Carlos Ochoa
57%
Serbia Lekic
57%
España Manu Sánchez
57%
Portugal Nuno Espirito Santo
56%
Costa de Marfil Bakayoko
55%
Serbia Causic
55%
Argentina Gancedo
55%
España Lolo
55%
Francia Riviere
55%
España Juanfran
54%
España Juanjo Elía
54%
Nigeria Sunny
54%
España Unzué
54%
España César Palacios
53%
Cabo Verde Dady
53%
Costa de Marfil Manfredini
53%
España Manolo Sánchez
53%
Suiza Margairaz
53%
España Mateo
53%
Rep.Dominicana Tano Bonnin
53%
España Yanguas
53%
Argentina Armentano
52%
Argentina Armenteros
52%
Chile Contreras
52%
España Galán
52%
España Juanma Ortiz
52%
Argentina Calleri
51%
España Diego Moreno
51%
España Javi Álamo
51%
Angola Jonas Ramalho
51%
España Lillo
51%
España Nauzet
51%
Brasil Roversio
51%
España Soriano
51%
Bosnia Vidakovic
51%
Paraguay Acuña
50%
España Cejudo
50%
España Cuco Ziganda
50%
España Expósito
50%
España Fran Moreno
50%
España Gorka Brit
50%
Chile Olarra
50%
Argentina Romeo
50%
España Sabino
50%
Hungría Vadocz
50%
México Vidrio
50%
Montenegro Vujadinovic
50%
España Camuñas
49%
España Clavero
49%
España Damia
49%
Bélgica Lamah
49%
México Seguro
49%
Brasil Sena
49%
España Alfredo
48%
España Clerc
48%
España Llorens
48%
Argentina Marcelo Sosa
48%
Colombia Mondragón
48%
Argentina Montenegro
48%
Polonia Trzeciak
48%
Francia Loties
47%
España Sota
47%
España Ángel Luis
46%
España Calleja
45%
España Cuéllar
45%
España Luis Perea
45%
España Oriol Riera
45%
España Sisi
45%
España Maikel Mesa
44%
España Roberto Soldado
44%
España Corrales
43%
España Fernando
43%
España Alán Baró
42%
España Sergio León
42%
España Alfonso Vera
41%
Ghana Annan
41%
España Joan Oriol
39%
España Álex Rodríguez
37%
España Annunziata
36%
España Erice
36%
España Héctor Font
36%
España Juanlu
36%
España Llorente
36%
España De Carlos
35%
España Jusué
35%
España Brandon
34%
España Rúper
34%
España Satrústegui
33%
Paraguay Ariel Núñez
32%
España Timor
32%
Argentina Roncaglia
31%
España Nano
30%
España Corominas
29%
Brasil Pinheiro
29%
Argentina Rivero
29%
España Tienza
29%
España de Las Cuevas
28%
España Cote
27%
España Onwu
27%
Francia Digard
26%
España Fuentes
26%
España Echaide
25%
España Juan Villar
25%
España David Cano
24%
España Ezquerro
24%
España Portillo
24%
España Raúl Navas
24%
España Iker Benito
23%
España Lekumberri
22%
Portugal Nélson
22%
España Fran Merida
21%
España Jaime Romero
21%
España Marc Bertrán
20%
Guinea Ibrahima Baldé
19%
España Iván Márquez
19%
España Arribas
18%
Argentina Astudillo
18%
Portugal Hugo Viana
17%
España Jaume Grau
17%
España Olavide
17%
España Aranda
16%
España Mario
15%
España Ontiveros
15%
España Jokin Esparza
14%
España Antonio Hidalgo
13%
España Barbero
13%
España Buñuel
13%
España Gerardo
13%
España Lato
13%
España Lobato
13%
España Otegui
13%
España Paqui
13%
España Aitor Ocio
12%
España Cardona
12%
España Dufur
10%
España Arpón
8%
España Jony
8%
España Imanol
6%
No se encontraron pruebas coincidentes
Distribución de puntuación
Porcentaje de gente con cada puntuación
Porcentaje por número respondido
Historial de tus puntuaciones
No has intentado esta prueba.